The role of granulysin in atopic dermatitis / (رقم التسجيلة. 12932)

تفاصيل مارك
000 -LEADER
fixed length control field 015140000a22003490004500
003 - CONTROL NUMBER IDENTIFIER
control field EG-GICUC
005 - DATE AND TIME OF LATEST TRANSACTION
control field 20250223025433.0
008 - FIXED-LENGTH DATA ELEMENTS--GENERAL INFORMATION
fixed length control field 080825s2008 ua d f m 000 0 eng d
040 ## - CATALOGING SOURCE
Original cataloging agency EG-GICUC
Language of cataloging eng
Transcribing agency EG-GICUC
041 0# - LANGUAGE CODE
Language code of text/sound track or separate title Eng
049 ## - LOCAL HOLDINGS (OCLC)
Holding library Deposite
097 ## - Thesis Degree
Thesis Level M.Sc
099 ## - LOCAL FREE-TEXT CALL NUMBER (OCLC)
Classification number Cai01.11.10.M.Sc.2008.Em.R
100 0# - MAIN ENTRY--PERSONAL NAME
Personal name Eman Mohamed Hamdy Wahba
245 14 - TITLE STATEMENT
Title The role of granulysin in atopic dermatitis /
Statement of responsibility, etc. Eman Mohamed Hamdy Wahba ; Supervised Doaa Mohamad Mahguob , Nermine Hamdy Eleishi , Laila Ahmed Rashed
246 15 - VARYING FORM OF TITLE
Title proper/short title دور الجرانيوليسين فى مرض حساسية الجلد الموروثة
260 ## - PUBLICATION, DISTRIBUTION, ETC.
Place of publication, distribution, etc. Cairo :
Name of publisher, distributor, etc. Eman Mohamed Hamdy Wahba ,
Date of publication, distribution, etc. 2008
300 ## - PHYSICAL DESCRIPTION
Extent 103P. :
Other physical details charts ;
Dimensions 25cm
502 ## - DISSERTATION NOTE
Dissertation note Thesis (M.Sc.) - Cairo University - Faculty Of Medicine - Department Of Dermatology and Venerology
520 ## - SUMMARY, ETC.
Summary, etc. Aropic dermatitis is a chronic relapsing inflammatory skin disease that arises most commonly during early infancy , and is characterized by sever pruritus , age - dependant skin manifestation , and a fluctuating clinical course
530 ## - ADDITIONAL PHYSICAL FORM AVAILABLE NOTE
Additional physical form available note Issued also as CD
653 #4 - INDEX TERM--UNCONTROLLED
Uncontrolled term Antimicrobial pedtides
653 #4 - INDEX TERM--UNCONTROLLED
Uncontrolled term Atopic dermatitis
653 #4 - INDEX TERM--UNCONTROLLED
Uncontrolled term Cerebro spinal fluid
700 0# - ADDED ENTRY--PERSONAL NAME
Personal name Doaa Mohamad Mahguob ,
Relator term
700 0# - ADDED ENTRY--PERSONAL NAME
Personal name Laila Ahmed Rashed ,
Relator term
700 0# - ADDED ENTRY--PERSONAL NAME
Personal name Nermine Hamdy Eleishi ,
Relator term
856 ## - ELECTRONIC LOCATION AND ACCESS
Uniform Resource Identifier <a href="http://172.23.153.220/th.pdf">http://172.23.153.220/th.pdf</a>
905 ## - LOCAL DATA ELEMENT E, LDE (RLIN)
Cataloger Mustafa
Reviser Revisor
905 ## - LOCAL DATA ELEMENT E, LDE (RLIN)
Cataloger Nazla
Reviser Cataloger
942 ## - ADDED ENTRY ELEMENTS (KOHA)
Source of classification or shelving scheme Dewey Decimal Classification
Koha item type Thesis
المقتنيات
Source of classification or shelving scheme Not for loan Home library Current library Date acquired Full call number Barcode Date last seen Koha item type Copy number
Dewey Decimal Classification   المكتبة المركزبة الجديدة - جامعة القاهرة قاعة الرسائل الجامعية - الدور الاول 11.02.2024 Cai01.11.10.M.Sc.2008.Em.R 01010110049751000 22.09.2023 Thesis  
Dewey Decimal Classification   المكتبة المركزبة الجديدة - جامعة القاهرة مخـــزن الرســائل الجـــامعية - البدروم 11.02.2024 Cai01.11.10.M.Sc.2008.Em.R 01020110049751000 22.09.2023 CD - Rom 49751.CD
Cairo University Libraries Portal Implemented & Customized by: Eng. M. Mohamady Contacts: new-lib@cl.cu.edu.eg | cnul@cl.cu.edu.eg
CUCL logo CNUL logo
© All rights reserved — Cairo University Libraries
CUCL logo
Implemented & Customized by: Eng. M. Mohamady Contact: new-lib@cl.cu.edu.eg © All rights reserved — New Central Library
CNUL logo
Implemented & Customized by: Eng. M. Mohamady Contact: cnul@cl.cu.edu.eg © All rights reserved — Cairo National University Library